000 00937nam a2200253Ia 4500
003 OSt
005 20220923211501.0
006 a|||||r|||| 00| 0
007 ta
008 Pun
020 _a9789352043637 (hbk)
_c495
024 _a320,406
037 _b792, 27/02/2017, H.K. Prakashan
_cTextual
040 _aARTS
_cARTS
_bPun
041 _2Pun
_aPun
082 _aO153,3:g, Q4
100 _aਪਰਮਿੰਦਰ ਕੌਰ
245 0 _aਪੰਜਾਬੀ ਇਸਤਰੀ-ਨਾਵਲਕਾਰਾਂ ਦੇ ਮਰਦ ਪਾਤਰਾਂ ਦਾ ਵਿFਲੇFਣਾਤਮਿਕ ਅਧਿਐਨ
_b ਆਲੋਚਨਾ
260 _aਚੰਡੀਗੜ
_b ਲੋਕਗੀਤ ਪ੍ਰਕਾFਨ੍ਰ
_c2014
300 _a348ਪ੍ਰ0
_ccm.
650 _aਪੰਜਾਬੀ ਕਹਾਣੀ
942 _hO153,3:g, Q4
_cTEXL
_2CC
999 _c300002
_d300002